| 000 -LEADER |
| fixed length control field |
00779cam a2200205 a 4500 |
| 005 - DATE AND TIME OF LATEST TRANSACTION |
| control field |
20240117154241.0 |
| 008 - FIXED-LENGTH DATA ELEMENTS--GENERAL INFORMATION |
| fixed length control field |
240117b ||||| |||| 00| 0 eng d |
| 020 ## - INTERNATIONAL STANDARD BOOK NUMBER |
| International Standard Book Number |
9781568987224 (pbk. : alk. paper) |
| 082 00 - DEWEY DECIMAL CLASSIFICATION NUMBER |
| Classification number |
620.1/1 |
| Edition number |
22 |
| 245 00 - TITLE STATEMENT |
| Title |
Transmaterial 2 : |
| Remainder of title |
a catalog of materials that redefine our physical environment / |
| Statement of responsibility, etc |
edited by Blaine Brownell. |
| 246 3# - VARYING FORM OF TITLE |
| Title proper/short title |
Transmaterial two |
| 260 ## - PUBLICATION, DISTRIBUTION, ETC. (IMPRINT) |
| Place of publication, distribution, etc |
New York : |
| Name of publisher, distributor, etc |
Princeton Architectural Press, |
| Date of publication, distribution, etc |
c2008. |
| 300 ## - PHYSICAL DESCRIPTION |
| Extent |
247 p. : |
| Other physical details |
col. ill. ; |
| Dimensions |
23 cm. |
| 500 ## - GENERAL NOTE |
| General note |
Includes indexes. |
| 650 #0 - SUBJECT ADDED ENTRY--TOPICAL TERM |
| Topical term or geographic name as entry element |
Materials |
| General subdivision |
Technological innovations. |
| 650 #0 - SUBJECT ADDED ENTRY--TOPICAL TERM |
| Topical term or geographic name as entry element |
Materials |
| Form subdivision |
Catalogs. |
| 700 1# - ADDED ENTRY--PERSONAL NAME |
| Personal name |
Brownell, Blaine Erickson, |
| Dates associated with a name |
1970- |
| 856 41 - ELECTRONIC LOCATION AND ACCESS |
| Materials specified |
Table of contents only |
| Uniform Resource Identifier |
<a href="http://www.loc.gov/catdir/toc/ecip0719/2007022126.html">http://www.loc.gov/catdir/toc/ecip0719/2007022126.html</a> |
| 942 ## - ADDED ENTRY ELEMENTS (KOHA) |
| Source of classification or shelving scheme |
|